ბათუმის შოთა რუსთაველის სახელმწიფო უნივერსიტეტის ბიბლიოთეკა

Лекции по К-теории (ბიბ.ჩანაწერი № 40472)

000 -LEADER
fixed length control field 00501nam a2200205Ia 4500
001 - CONTROL NUMBER
control field 7083
003 - CONTROL NUMBER IDENTIFIER
control field GE_BSU
008 - FIXED-LENGTH DATA ELEMENTS--GENERAL INFORMATION
fixed length control field 181216s||||||||xx |||||||||||||| ||und||
040 ## - CATALOGING SOURCE
Transcribing agency GE_BSU
080 ## - UNIVERSAL DECIMAL CLASSIFICATION NUMBER
Universal Decimal Classification number 515.14
100 ## - MAIN ENTRY--PERSONAL NAME
Personal name Атья,М.
245 ## - TITLE STATEMENT
Title Лекции по К-теории
245 ## - TITLE STATEMENT
Statement of responsibility, etc. Под.ред.А.А.Кириллова
260 ## - PUBLICATION, DISTRIBUTION, ETC.
Place of publication, distribution, etc. Москва
260 ## - PUBLICATION, DISTRIBUTION, ETC.
Name of publisher, distributor, etc. Мир
260 ## - PUBLICATION, DISTRIBUTION, ETC.
Date of publication, distribution, etc. 1967
300 ## - PHYSICAL DESCRIPTION
Extent 250стр. 20см.
653 ## - INDEX TERM--UNCONTROLLED
Uncontrolled term Лекции по К-теории
942 ## - ADDED ENTRY ELEMENTS (KOHA)
Koha item type წიგნი
ეგზემპლარები
Withdrawn status Lost status Damaged status Not for loan Date acquired Barcode Date last seen Price effective from Koha item type
        2018-12-17 17519 2018-12-17 2018-12-17 წიგნი